Nota Kursus : Kursus Statistik dan Penggunaan Komputer Modiul II 19 - 22 Disember 1994 dan Kursus Interpretasi dan Tafsiran Data Modiul III 23 - 24 Disember 1994
| Format: | Book |
|---|---|
| Subjects: |
MARC
| LEADER | 00000cam a2200000 7i4500 | ||
|---|---|---|---|
| 001 | 0000006804 | ||
| 005 | 20010819.0 | ||
| 040 | |a INS | ||
| 090 | 0 | 0 | |a AV 42 |
| 245 | 0 | 0 | |a Nota Kursus : |b Kursus Statistik dan Penggunaan Komputer Modiul II 19 - 22 Disember 1994 dan Kursus Interpretasi dan Tafsiran Data Modiul III 23 - 24 Disember 1994 |
| 650 | 0 | 0 | |a Statistik Dan Penggunaan Komputer |
| 999 | |a AV00000051 |b BOOK |c Course Notes |e Default branch | ||
| 999 | |a AV00000183 |b BOOK |c Course Notes |e Default branch | ||